000 00361cam a2200145ua 4500
041 _aeng
_h
082 _a823.308
_bGER/ST
100 _aGerman, Yuri .
245 _aStaunch and the true, Part 2 /
_cYuri German.
_hTextual Documents
260 _aMoscow :
_bProgress Publishers ,
_c1963.
300 _a580.
504 _a
942 _cBK
999 _c5176
_d5176